000
00296nam a2200133Ia 4500
008
090123s9999 xx 000 0 und d
082
_b
25055
245
_a
THE VISION JAN-1945
250
_a
0
300
_a
91
630
_a
THE VISION JAN-1945
730
_a
THE VISION JAN-1945
942
_c
BOOK
999
_c
63126
_d
63126